Sailing Alone Around the World (Record no. 235640)
[ view plain ]
| 000 -LEADER | |
|---|---|
| fixed length control field | 00723cam a22002533a 4500 |
| 001 - CONTROL NUMBER | |
| control field | 6317 |
| 003 - CONTROL NUMBER IDENTIFIER | |
| control field | PGUSA |
| 005 - DATE AND TIME OF LATEST TRANSACTION | |
| control field | 20140828083131.0 |
| 008 - FIXED-LENGTH DATA ELEMENTS--GENERAL INFORMATION | |
| fixed length control field | 040801s2004||||xxu|||||s|||||000 | eng d |
| 040 ## - CATALOGING SOURCE | |
| Original cataloging agency | PGUSA |
| Language of cataloging | eng |
| 042 ## - AUTHENTICATION CODE | |
| Authentication code | dc |
| 050 #4 - LIBRARY OF CONGRESS CALL NUMBER | |
| Classification number | G |
| 100 1# - MAIN ENTRY--PERSONAL NAME | |
| Personal name | Slocum, Joshua, |
| Dates associated with a name | 1844-1909 |
| 245 10 - TITLE STATEMENT | |
| Title | Sailing Alone Around the World |
| Medium | [electronic resource] / |
| Statement of responsibility, etc | Joshua Slocum |
| 260 ## - PUBLICATION, DISTRIBUTION, ETC. (IMPRINT) | |
| Name of publisher, distributor, etc | Project Gutenberg, |
| Date of publication, distribution, etc | 2004 |
| 506 ## - RESTRICTIONS ON ACCESS NOTE | |
| Terms governing access | Public domain in the USA. |
| 516 ## - TYPE OF COMPUTER FILE OR DATA NOTE | |
| Type of computer file or data note | Electronic text |
| 653 ## - INDEX TERM--UNCONTROLLED | |
| Uncontrolled term | Voyages around the world |
| 700 1# - ADDED ENTRY--PERSONAL NAME | |
| Personal name | Fogarty, Thomas, |
| Dates associated with a name | 1873-1938 |
| 700 1# - ADDED ENTRY--PERSONAL NAME | |
| Personal name | Varian, George, |
| Dates associated with a name | 1865-1923 |
| 830 #0 - SERIES ADDED ENTRY--UNIFORM TITLE | |
| Uniform title | Project Gutenberg |
| Volume number/sequential designation | 6317 |
| 856 40 - ELECTRONIC LOCATION AND ACCESS | |
| Uniform Resource Identifier | <a href="http://www.gutenberg.org/ebooks/6317">http://www.gutenberg.org/ebooks/6317</a> |
| 942 ## - ADDED ENTRY ELEMENTS (KOHA) | |
| Koha item type | eBooks |
| Withdrawn status | Lost status | Damaged status | Home library | Current library | Date acquired | Total Checkouts | Date last seen | Price effective from | Koha item type |
|---|---|---|---|---|---|---|---|---|---|
| Project Gutenberg | Project Gutenberg | 08/28/2014 | 08/28/2014 | 08/28/2014 | eBooks |